Tous les pays commençant par T - Statistiques

Statistiques générales
  • Ce quiz a été pris 285 fois
  • Le résultat moyen est 9 sur 13
Statistiques - réponses
Réponse % Correct
Turquie
85%
Togo
81%
Turkménistan
80%
Tanzanie
76%
Tadjikistan
75%
Thaïlande
75%
Tunisie
71%
Trinité-et-Tobago
69%
Tuvalu
64%
Taïwan
62%
Tonga
62%
Tchad
52%
Timor Oriental
50%
Aucun quiz correspondant
Distribution des résultats
% des personnes avec chaque résultat
Percentile par nombre de réponses
Votre historique - résultats
Vous n’avez pas pris ce quiz